Rozvoj kvality ľudských zdrojov a programovanie vo vzdelávaní

Požiadavka systematického a tvalého rozvoja kvality ľudských zdrojov. Prístupy k rozvoju ľudských zdrojov. Postavenie a úloha vzdelávania v systéme RĽZ. Programovanie vzdelávania - charakteristika, postupy, prínosy.

Enregistré dans:
Détails bibliographiques
Auteur principal: Haňdiak, Michal
Format: Chapitre de livre
Langue:slovaque
Sujets:
Tags: Ajouter un tag
Pas de tags, Soyez le premier à ajouter un tag!

MARC

LEADER 00000naa$a2200000$$$4500
001 0035177
005 20231011134840.0
041 0 |a slo 
044 |a SK 
245 1 0 |a Rozvoj kvality ľudských zdrojov a programovanie vo vzdelávaní  |c Michal Haňdiak 
520 |a Požiadavka systematického a tvalého rozvoja kvality ľudských zdrojov. Prístupy k rozvoju ľudských zdrojov. Postavenie a úloha vzdelávania v systéme RĽZ. Programovanie vzdelávania - charakteristika, postupy, prínosy. 
610 2 0 |a zdroje ľudské 
610 2 0 |a vzdelávanie 
610 2 0 |a kvalita 
610 2 0 |a rozvoj pracovníkov 
100 1 |a Haňdiak, Michal